| 000 | 00819cam a2200217 i 4500 | ||
|---|---|---|---|
| 005 | 20251203104952.0 | ||
| 008 | 250721s2000 le gr 000 0 ara d | ||
| 082 | 1 | 4 |
_a214.1 _bر ا ض |
| 100 | 1 |
_aراضي، علي عبد الجليل _eمؤلف. |
|
| 245 | 1 | 2 |
_aالعالم غير المنظور : _bبحث شامل في الروح و الإنسان و الموت قصة الخلق و الملائكة ......... / _cتأليف علي عبد الجليل راضي. |
| 264 | 3 | 1 |
_aبيروت : _bدار يوسف، _c2000. |
| 300 | _a289 صفحة. | ||
| 650 | 1 | 7 | _aالعقيدة الدينية. |
| 650 | 1 | 7 | _aالإسلام. |
| 650 | 1 | 7 | _aالوفاة. |
| 650 | 1 | 7 | _aعلم الكلام. |
| 650 | 1 | 7 | _aالروح. |
| 650 | 1 | 7 | _aالإنسان. |
| 942 |
_2ddc _cBK |
||
| 999 |
_c33349 _d33349 |
||